00926nam a22002778a 4500008004100000020002200041100002200063245014700085260005100232300004700283500002000330504004100350650003000391650001900421650002100440650002500461650002000486650002200506650002600528650002100554650002100575700002500596003000100621005001700622040000900639  a0942219104 (hbk.)1 aGordon, Philip H.10aPrinciples and practice of surgery for the colon, rectum, and anus /cPhilip H. Gordon, Santhat Nivatvongs ; illustrator, Scott Thorn Barrows. aSt. Louis, Mo. :bQuality Medical Pub.,c1992. axix, 1097 p. :bill. (some col.) ;c29 cm. aIncludes index. aIncludes bibliographical references. 0aColon (Anatomy)xSurgery. 0aAnusxSurgery. 0aRectumxSurgery. 2aAnal Canalxsurgery. 2aColonxsurgery. 2aColonic Diseases. 2aColorectal Neoplasms. 2aRectal Diseases. 2aRectumxsurgery.1 aNivatvongs, Santhat.20230120204150.0 cNUST